Normal view
MARC view
- Hira Iftikhar
Entry Personal Name
001 - CONTROL NUMBER
- control field: 16470
003 - CONTROL NUMBER IDENTIFIER
- control field: NUST
005 - DATE AND TIME OF LATEST TRANSACTION
- control field: 20190703054852.0
008 - FIXED-LENGTH DATA ELEMENTS
- fixed length control field: 190703|| aca||aabn | a|a d
040 ## - CATALOGING SOURCE
- Original cataloging agency: NUST
- Transcribing agency: NUST
100 ## - HEADING--PERSONAL NAME
- Personal name: Hira Iftikhar
670 ## - SOURCE DATA FOUND
- Source citation: Work cat.: (NUST): Hira Iftikhar, Co-pyrolysis of sugarcane bagasse and polystyrene with ex-situ catalytic bed of metal oxides / HZSM-5 with focus on liquid yield , 2019
